| 000 | 01805nam a2200241Ia 4500 | ||
|---|---|---|---|
| 999 |
_c51661 _d51661 |
||
| 001 | 18652 | ||
| 003 | GE_BSU | ||
| 005 | 20220920111344.0 | ||
| 008 | 181216s2012||||ge |||||||||||||| ||geo|| | ||
| 040 | _cGE_BSU | ||
| 041 | _ageo | ||
| 080 | _a 81 მ-89 | ||
| 100 |
_aმჟავანაძე, ეკატერინე _96017 |
||
| 245 |
_aტექსტებზე ორიენტირებული კომპეტენციების სწავლება / სწავლა უცხოური ენების მაგალითზე : დისერტაცია / _cეკატერინე მჟავანაძე; სამეცნიერო ხელმძღვანელი ციალა მეგრელაძე და ირინე გოშხეთელიანი; ბათუმის შოთა რუსთაველის სახელმწიფო უნივერსიტეტი. |
||
| 264 |
_aბათუმი, _c2012. |
||
| 300 |
_a187 გვ.; _b30 სმ. |
||
| 653 | _aდისერტაცია | ||
| 653 | _aტექსტებზე ორიენტირებული კომპეტენციების სწავლება/სწავლა უცხოური ენების მაგალითზე | ||
| 700 |
_aმეგრელაძე, ციალა _e სამეცნიერო ხელმძღვანელი _91081 |
||
| 700 |
_aგოშხეთელიანი, ირინე _e სამეცნიერო ხელმძღვანელი _911731 |
||
| 710 |
_aბათუმის შოთა რუსთაველის სახელმწიფო უნივერსიტეტი _911732 |
||
| 942 |
_cBK _2udc |
||